000 01162nam a2200229Ia 4500
999 _c40658
_d40658
001 7286
003 GE_BSU
005 20231114161114.0
008 181216s2013||||ge |||||||||||||| ||geo||
020 _a9789941442674
040 _cGE_BSU
041 _ageo
080 _a796.33(100) ფ-77
100 _aფოერი, ფრანკლინ
_912808
245 _aროგორ აგვიხსნა ფეხბურთმა მსოფლიო გლობალიზაციის სხვაგვარი თეორია = How soccer explains the world /
_bფრანკლინ ფოერი ; მთარგმნ. რუსუდან ძიგრაშვილი.
264 _aთბილისი :
_bსაუნჯე,
_c2013.
300 _a255 გვ. ;
_c 20 სმ.
541 _h2 ლ.
653 _aროგორ აგვიხსნა ფეხბურთმა მსოფლიო გლობალიზაციის სხვაგვარი თეორია
700 _aძიგრაშვილი, რუსუდან
_eმთარგმნელი
_920372
942 _cBK
_2udc